000 01283cam a2200361 i 4500
001 25911
003 Mx-PuUPA
005 20251023113614.0
008 140415s2016 mx a gr 001 0dspa d
020 _a9786073149105
040 _aMx-PuUPA
_bspa
_cMx-PuUPA
_dMx-PuUPA
_erda
041 0 _aspa
043 _an-mx---
100 1 _aCárdenas Solórzano, Cuauhtémoc,
_d1934-
_917624
_eautor
245 1 3 _aCárdenas por Cárdenas /
_bCuauhtémoc Cárdenas
250 _aPrimera edición /
_bfebrero
264 1 _aCiudad de México :
_bDebate,
_c2016
300 _a766 páginas, 28 láminas sin numerar:
_bilustraciones ;
_c23 cm
336 _2rdacontent
_atexto
_btxt
337 _2rdamedia
_asin medio
_bn
338 _2rdacarrier
_avolumen
_bnc
490 0 _aHistoria
500 _aReimpresiones: (primera reimpresión, febrero, 2017).
600 1 4 _aCárdenas, Lázaro,
_d1895-1970
_913325
650 7 _2armarc
_aPresidentes
_zMéxico
_vBiografía
651 4 _aMéxico
_vPolítica y gobierno
_y1910-1946
651 4 _aMéxico
_vPolítica y gobierno
_y1946-1970
942 _2ddc
_cLI
_h972.082092
_iC25
999 _c25911
_d25911